O'Neill y el teatro contemporáneo / (Record no. 109024)

MARC details
000 -LEADER
campo de control de longitud fija 00477nam a2200169 i 4500
001 - NÚMERO DE CONTROL
campo de control 109024
003 - IDENTIFICADOR DE NÚMERO DE CONTROL
campo de control ES-MaACL
005 - FECHA Y HORA DE LA ÚLTIMA TRANSACCIÓN
campo de control 20230906184748.0
007 - CAMPO FIJO DE DESCRIPCIÓN FÍSICA--INFORMACIÓN GENERAL
campo de control de longitud fija t|
008 - DATOS DE LONGITUD FIJA--INFORMACIÓN GENERAL
campo de control de longitud fija 061121s1950 sp r ||||1| spa d
100 1# - ENTRADA PRINCIPAL--NOMBRE DE PERSONA
Nombre de persona Mirlas, León.
9 (RLIN) 81594
245 10 - MENCIÓN DEL TÍTULO
Título O'Neill y el teatro contemporáneo /
Mención de responsabilidad, etc. León Mirlas.
260 ## - PUBLICACIÓN, DISTRIBUCIÓN, ETC.
Lugar de publicación, distribución, etc. Buenos Aires :
Nombre del editor, distribuidor, etc. Ed. Sudamericana,
Fecha de publicación, distribución, etc. 1950.
300 ## - DESCRIPCIÓN FÍSICA
Extensión 203 p. ;
Dimensiones 17 cm.
600 04 - PUNTO DE ACCESO ADICIONAL DE MATERIA--NOMBRE DE PERSONA
Nombre de persona O'Neill, Eugene.
9 (RLIN) 86353
852 ## - LOCALIZACIÓN
Ubicación ES-MaACL
Número de control de estantería D-5723
Sublocalización o colección R.31179
Holdings
Estatus retirado Estado de pérdida Estado de daño No para préstamo Biblioteca de origen Biblioteca actual Ubicación en estantería Fecha de adquisición Fuente de adquisición Total de préstamos Signatura topográfica completa Código de barras Visto por última vez Precio de reemplazo Tipo de ítem Koha
        Biblioteca del Ateneo de Madrid Biblioteca del Ateneo de Madrid Sala Valle Inclán 17/01/2008     D-5723 901113759 23/02/2023 23/02/2023 Libro impreso